000 00657cam a2200217u 4500
001 5975019
003 ARRUPE
005 20140612120534.0
008 830210s1939 enk 000 0 eng
010 _a 40027528
040 _aDLC
_cCarP
_dDLC
050 0 0 _aQL737.P9
_bM283
100 1 _aMarais, Eugène Nielen,
_d1872-1936.
_910883
245 1 0 _aMy friends the baboons,
260 _aLondon,
_bMethuen & co. ltd.
_c[1939]
300 _avii, 124 p., 1 l.
_c21 cm.
650 0 _aBaboons.
_910884
700 1 _aKritzinger, Matthys Stefanus Benjamin. [from old catalog]
_910885
906 _a0
_bcbc
_cpremunv
_du
_encip
_f19
_gy-gencatlg
942 _2lcc
_cSPC
999 _c120725
_d120725